[Event "8th Essent op"]
[Site "Hoogeveen NED"]
[Date "2004.10.22"]
[Round "8.9"]
[White "Okkes, Menno"]
[Black "Van der Wiel, John"]
[Result "1/2-1/2"]
[WhiteElo "2353"]
[BlackElo "2493"]
[EventDate "2004.10.15"]
[PlyCount "40"]

1.e4 c5 2.Nf3 e6 3.c4 Nc6 4.Nc3 Nf6 5.Be2 Qc7 6.O-O a6 7.d4 cxd4 8.Nxd4 
Nxd4 9.Qxd4 Bd6 10.Kh1 h5 11.f4 Bc5 12.Qd3 Ng4 13.Bxg4 hxg4 14.Be3 b6 15.
Bxc5 bxc5 16.Qg3 Bb7 17.Qxg4 O-O-O 18.h3 g6 19.Qe2 f5 20.Qe3 Qc6 1/2-1/2

[Event "8th Essent op"]
[Site "Hoogeveen NED"]
[Date "2004.10.22"]
[Round "8.12"]
[White "Jonkman, Harmen"]
[Black "Ris, Robert"]
[Result "1-0"]
[WhiteElo "2417"]
[BlackElo "2300"]
[EventDate "2004.10.15"]
[PlyCount "103"]

1.e4 e5 2.Bc4 Nf6 3.d3 Nc6 4.Nf3 Be7 5.O-O d6 6.Bb3 O-O 7.c3 Na5 8.Bc2 c5 
9.h3 Nc6 10.Re1 Re8 11.Nbd2 Bf8 12.Nf1 h6 13.d4 exd4 14.cxd4 cxd4 15.Nxd4 
Bd7 16.Ng3 d5 17.Nxc6 Bxc6 18.e5 Ne4 19.Bf4 Qh4 20.Qf3 Ng5 21.Bxg5 Qxg5 
22.Qd3 g6 23.f4 Qxf4 24.Nh5 Bc5+ 25.Kh1 gxh5 26.Rf1 Bf2 27.Rxf2 Qxf2 28.
Qh7+ Kf8 29.Qxh6+ Kg8 30.Qh7+ Kf8 31.Qh6+ Kg8 32.Bh7+ Kh8 33.Bf5+ Kg8 34.
Qh7+ Kf8 35.Qh8+ Ke7 36.Qf6+ Kf8 37.Qh6+ Kg8 38.Bh7+ Kh8 39.Bd3+ Kg8 40.
Qh7+ Kf8 41.Rf1 Qxf1+ 42.Bxf1 Rad8 43.Bd3 Ke7 44.Qxh5 Kd7 45.Qg4+ Kc7 46.
Qd4 Re7 47.Qf4 Kc8 48.h4 Rde8 49.h5 d4 50.h6 Rg8 51.h7 Rxg2 52.Be4 1-0

[Event "8th Essent op"]
[Site "Hoogeveen NED"]
[Date "2004.10.22"]
[Round "8.13"]
[White "Afek, Yochanan"]
[Black "Grooten, Herman"]
[Result "0-1"]
[WhiteElo "2322"]
[BlackElo "2391"]
[EventDate "2004.10.15"]
[PlyCount "132"]

1.e4 c6 2.d4 d5 3.exd5 cxd5 4.c4 Nf6 5.Nc3 e6 6.Nf3 Bb4 7.cxd5 Nxd5 8.Qc2 
Qc7 9.Bd2 Bxc3 10.bxc3 O-O 11.Qe4 Nxc3 12.Qh4 Nd5 13.Bd3 f5 14.O-O Nc6 15.
Rfe1 Qe7 16.Bg5 Qd6 17.Rab1 b6 18.Rb3 Na5 19.Rb2 Bb7 20.Rbe2 Rae8 21.Bd2 
Qa3 22.Bb5 Bc6 23.Bxc6 Nxc6 24.Rxe6 Rxe6 25.Rxe6 Nd8 26.Re1 Nf7 27.Qh3 Nd6
28.Ng5 Qxh3 29.Nxh3 Ne4 30.Nf4 Rd8 31.Nxd5 Rxd5 32.Be3 Ra5 33.f3 Nf6 34.
Re2 Nd5 35.Bc1 Nc3 36.Rc2 Nd5 37.a3 Kf7 38.Kf2 Rb5 39.Rb2 Rxb2+ 40.Bxb2 b5
41.Bc1 Ke6 42.Ke2 Nb6 43.Bd2 Kd5 44.Kd3 Nc4 45.Bb4 h5 46.Bf8 g6 47.Be7 a6 
48.Bb4 a5 49.Be7 Nd6 50.Bd8 b4 51.axb4 axb4 52.Be7 b3 53.Kc3 Nb5+ 54.Kxb3 
Kxd4 55.Kb4 Nc7 56.Bf6+ Ke3 57.Kc5 Kf2 58.g4 Kxf3 59.gxh5 gxh5 60.Kd4 f4 
61.Ke5 Kg4 62.Ke4 Ne6 63.Be5 Ng5+ 64.Kd3 Kf3 65.Kd2 Nh3 66.Ke1 Kg2 0-1

[Event "8th Essent op"]
[Site "Hoogeveen NED"]
[Date "2004.10.22"]
[Round "8.15"]
[White "Porat, David"]
[Black "Siebrecht, Sebastian"]
[Result "1-0"]
[WhiteElo "2280"]
[BlackElo "2366"]
[EventDate "2004.10.15"]
[PlyCount "74"]

1.d4 g6 2.c4 Bg7 3.e4 d6 4.Nc3 Nf6 5.h3 O-O 6.Bg5 Na6 7.Bd3 e5 8.d5 Nc5 9.
Bc2 a5 10.Nge2 Bd7 11.g4 c6 12.a3 cxd5 13.cxd5 a4 14.Kf1 b5 15.f3 Qb6 16.
Na2 Nfxe4 17.fxe4 f5 18.gxf5 gxf5 19.Kg2 fxe4 20.Rf1 Rf3 21.Ng3 Raf8 22.
Qe2 b4 23.axb4 Bb5 24.bxc5 Qxc5 25.Qxe4 Bxf1+ 26.Kh1 R8f7 27.Bh4 Bg2+ 28.
Kxg2 Rf2+ 29.Kh1 Rxc2 30.Nc3 Rxb2 31.Nxa4 Qa5 32.Rc1 Rb8 33.Nf5 Rxf5 34.
Qxf5 Qxd5+ 35.Kg1 Qd4+ 36.Kh2 Qxa4 37.Qe6+ Kf8 1-0

[Event "8th Essent op"]
[Site "Hoogeveen NED"]
[Date "2004.10.22"]
[Round "8.17"]
[White "Ruijgrok, Dennis"]
[Black "Hendriks, Willy"]
[Result "1-0"]
[WhiteElo "2255"]
[BlackElo "2396"]
[EventDate "2004.10.15"]
[PlyCount "81"]

1.e4 g6 2.Nc3 Bg7 3.g3 c5 4.Bg2 Nc6 5.d3 d6 6.Be3 Rb8 7.Qd2 b5 8.Nge2 b4 
9.Nd1 Qb6 10.O-O e6 11.a3 a5 12.axb4 axb4 13.h3 Nd4 14.Nc1 Ne7 15.c3 Ndc6 
16.Bh6 O-O 17.Bxg7 Kxg7 18.Ne2 e5 19.Ne3 Na5 20.Qd1 Be6 21.c4 Bd7 22.f4 f6
23.g4 Nac6 24.Qe1 Nd4 25.Nxd4 cxd4 26.Nd5 Nxd5 27.exd5 Rbe8 28.Qc1 h6 29.
fxe5 fxe5 30.Be4 Rxf1+ 31.Qxf1 Rf8 32.Qe1 Rb8 33.Qd2 Rf8 34.Qe1 Qb7 35.b3 
Rf7 36.Kg2 Qb8 37.Ra6 h5 38.gxh5 gxh5 39.c5 dxc5 40.Qg3+ Kf8 41.Rg6 1-0

[Event "8th Essent op"]
[Site "Hoogeveen NED"]
[Date "2004.10.22"]
[Round "8.18"]
[White "Van de Oudeweetering, Arthur"]
[Black "Van Leent, Dmitri"]
[Result "1/2-1/2"]
[WhiteElo "2383"]
[BlackElo "2244"]
[EventDate "2004.10.15"]
[PlyCount "73"]

1.e4 e5 2.Nf3 Nc6 3.Bb5 Nf6 4.O-O Bc5 5.Nc3 d6 6.d4 exd4 7.Nxd4 Bd7 8.Nf5 
Bxf5 9.exf5 O-O 10.Bg5 h6 11.Bh4 Ne5 12.Ne4 Bb6 13.Nxf6+ gxf6 14.Qh5 Kh7 
15.a4 a6 16.Ra3 Rg8 17.Be2 Rg5 18.Bxg5 fxg5 19.Kh1 Qf6 20.f4 gxf4 21.Rxf4 
Qg5 22.Qxg5 hxg5 23.Rf1 f6 24.g3 a5 25.Kg2 Bc5 26.Raa1 Kh6 27.Rh1 Rg8 28.
h4 g4 29.c3 Ra8 30.Rab1 b6 31.Rbe1 Kh5 32.Rhf1 Rg8 33.Rf4 d5 34.b4 Be3 35.
Rff1 axb4 36.cxb4 Ra8 37.Ra1 1/2-1/2

[Event "8th Essent op"]
[Site "Hoogeveen NED"]
[Date "2004.10.22"]
[Round "8.19"]
[White "Erwich, Marc"]
[Black "Hendriks, Richard V"]
[Result "1-0"]
[WhiteElo "2336"]
[BlackElo "2140"]
[EventDate "2004.10.15"]
[PlyCount "73"]

1.e4 e5 2.Nf3 Nc6 3.Bb5 f5 4.Nc3 fxe4 5.Nxe4 Nf6 6.Nxf6+ Qxf6 7.Qe2 Be7 8.
Bxc6 dxc6 9.Nxe5 O-O 10.O-O Bf5 11.d4 Rae8 12.Be3 Bd6 13.f4 Bxe5 14.dxe5 
Qg6 15.Rf2 a5 16.Qc4+ Kh8 17.Kh1 h5 18.h3 Re6 19.Rg1 h4 20.Qc3 Be4 21.Bc5 
Rd8 22.Qe1 Qf5 23.Kh2 g5 24.Qe3 gxf4 25.Qxf4 Qxe5 26.Qxe5+ Rxe5 27.Re1 
Rdd5 28.Ba7 b6 29.Rfe2 Rd4 30.c3 Rc4 31.b3 Rxc3 32.Rxe4 Rxe4 33.Rxe4 Rc2 
34.Bb8 Rxa2 35.Bxc7 b5 36.Re6 c5 37.Rc6 1-0

[Event "8th Essent op"]
[Site "Hoogeveen NED"]
[Date "2004.10.22"]
[Round "8.20"]
[White "Van Beek, Alexander"]
[Black "Lahaye, Rick"]
[Result "1/2-1/2"]
[WhiteElo "2255"]
[BlackElo "2330"]
[EventDate "2004.10.15"]
[PlyCount "81"]

1.d4 Nf6 2.Nf3 g6 3.c4 Bg7 4.Nc3 d5 5.cxd5 Nxd5 6.e4 Nxc3 7.bxc3 c5 8.Rb1 
O-O 9.Be2 b6 10.O-O Bb7 11.d5 Bxc3 12.Qb3 Bg7 13.Bf4 Nd7 14.Rfe1 Qc8 15.
Bc4 Ba6 16.e5 Nb8 17.e6 fxe6 18.d6 Bxc4 19.Qxc4 Nc6 20.dxe7 Nxe7 21.Bd6 
Rxf3 22.gxf3 Nd5 23.Rbd1 Bd4 24.Be5 b5 25.Qc1 Bxe5 26.Rxe5 Qf8 27.f4 Nxf4 
28.Qxc5 Qf6 29.Qe3 Rf8 30.Rxb5 Qh4 31.Rd2 Qg4+ 32.Qg3 Ne2+ 33.Rxe2 Qxe2 
34.Rb8 Qd1+ 35.Kg2 Qd5+ 36.Kg1 e5 37.Rxf8+ Kxf8 38.Qa3+ Kg8 39.Qxa7 Qd1+ 
40.Kg2 Qg4+ 41.Kf1 1/2-1/2

[Event "8th Essent op"]
[Site "Hoogeveen NED"]
[Date "2004.10.22"]
[Round "8.21"]
[White "Vogel, Jaap"]
[Black "De Jong, Migchiel"]
[Result "1/2-1/2"]
[WhiteElo "2256"]
[BlackElo "2316"]
[EventDate "2004.10.15"]
[PlyCount "31"]

1.Nf3 g6 2.d4 Nf6 3.g3 Bg7 4.Bg2 O-O 5.O-O d5 6.c4 c6 7.cxd5 cxd5 8.Ne5 e6
9.Nc3 Nfd7 10.f4 Nc6 11.Be3 Nb6 12.b3 Bd7 13.Rc1 f6 14.Nd3 Nc8 15.Bf2 f5 
16.e3 1/2-1/2

[Event "8th Essent op"]
[Site "Hoogeveen NED"]
[Date "2004.10.22"]
[Round "8.22"]
[White "Hamelink, Desiree"]
[Black "Pruijssers, Roeland"]
[Result "1/2-1/2"]
[WhiteElo "2227"]
[BlackElo "2295"]
[EventDate "2004.10.15"]
[PlyCount "62"]

1.e4 d6 2.d4 Nf6 3.Nc3 g6 4.Be3 Bg7 5.h3 O-O 6.Nf3 c6 7.Qd2 b5 8.Bd3 Nbd7 
9.Bh6 e5 10.Bxg7 Kxg7 11.O-O Qe7 12.dxe5 dxe5 13.Ne2 h6 14.Ng3 Nc5 15.Qc3 
Nfd7 16.b4 Na6 17.Qxc6 Nxb4 18.Qxb5 Ba6 19.Qa5 Bxd3 20.cxd3 Nxd3 21.Rad1 
N7c5 22.Ne1 Nf4 23.Nc2 Kh7 24.Nb4 Rac8 25.Nd5 Qg5 26.Qxa7 Nxe4 27.Qe3 Nc5 
28.h4 Nxd5 29.Rxd5 Qxe3 30.fxe3 f6 31.Rc1 Ne6 1/2-1/2

[Event "8th Essent op"]
[Site "Hoogeveen NED"]
[Date "2004.10.22"]
[Round "8.23"]
[White "Clemens, Adrian HP"]
[Black "Potze, Rudolf"]
[Result "1-0"]
[WhiteElo "2277"]
[BlackElo "2129"]
[EventDate "2004.10.15"]
[PlyCount "55"]

1.d4 Nf6 2.c4 g6 3.f3 d5 4.cxd5 Nxd5 5.e4 Nb6 6.Nc3 Bg7 7.Be3 O-O 8.Qd2 e5
9.d5 c6 10.h4 cxd5 11.exd5 Na6 12.h5 Nb4 13.hxg6 fxg6 14.Nh3 Bf5 15.Rc1 
Rc8 16.g4 Bd7 17.Ng5 h6 18.Nge4 Rxf3 19.Bxh6 Rxf1+ 20.Kxf1 Qf8+ 21.Kg2 
Bxg4 22.Rcf1 Bf5 23.Ng3 Nc4 24.Qg5 Qf6 25.Qxf6 Bxf6 26.Nxf5 gxf5 27.Rxf5 
Be7 28.Rh3 1-0

[Event "8th Essent op"]
[Site "Hoogeveen NED"]
[Date "2004.10.22"]
[Round "8.24"]
[White "Bensdorp, Marlies"]
[Black "Porat, Ido"]
[Result "1/2-1/2"]
[WhiteElo "2214"]
[BlackElo "2260"]
[EventDate "2004.10.15"]
[PlyCount "140"]

1.d4 d5 2.c4 e6 3.Nf3 Nf6 4.Nc3 Be7 5.Bg5 O-O 6.e3 b6 7.cxd5 exd5 8.Bd3 
Nbd7 9.O-O Bb7 10.Rc1 Ne4 11.Bf4 c5 12.dxc5 Nxc3 13.Rxc3 bxc5 14.Qc2 Nf6 
15.Rd1 Kh8 16.Qe2 Qc8 17.Rcc1 Qe6 18.b3 Kg8 19.Ng5 Qc6 20.Bb1 g6 21.Nf3 a5
22.Qb2 Rfe8 23.Bd3 Qb6 24.Qc3 Rec8 25.Bg5 Qe6 26.Qe5 a4 27.Bb5 axb3 28.
axb3 Kg7 29.Bf4 Ra5 30.Bf1 Ra3 31.Qb2 Raa8 32.Be2 Kg8 33.Ng5 Qb6 34.Rc2 
Ra7 35.h4 Rca8 36.Rb1 Ra3 37.Bf3 R3a5 38.Nh3 Bc8 39.Rd2 Bb7 40.Bg5 Rd8 41.
h5 Qe6 42.hxg6 hxg6 43.Rbd1 Qf5 44.e4 Nxe4 45.Bxe4 Qxe4 46.Re2 Bxg5 47.
Rxe4 dxe4 48.Rxd8+ Bxd8 49.Qe5 Ra8 50.Qxc5 Rc8 51.Qe3 Rc6 52.Nf4 Bb6 53.
Qd2 Rf6 54.g3 Kf8 55.Qc3 Rd6 56.Qh8+ Ke7 57.Qe5+ Kd7 58.Qb5+ Kc7 59.Qc4+ 
Kb8 60.Qe2 Rd7 61.Ng2 Rd3 62.b4 Rb3 63.Qd2 Rf3 64.Ne3 g5 65.b5 f5 66.Qd6+ 
Ka7 67.Qa3+ Kb8 68.Qf8+ Ka7 69.Qa3+ Kb8 70.Qd6+ Ka7 1/2-1/2

[Event "8th Essent op"]
[Site "Hoogeveen NED"]
[Date "2004.10.22"]
[Round "8.26"]
[White "Van Kooten, Luuk"]
[Black "Hulshof, Peter"]
[Result "1/2-1/2"]
[WhiteElo "2272"]
[BlackElo "2209"]
[EventDate "2004.10.15"]
[PlyCount "40"]

1.d4 c6 2.c4 g6 3.Nc3 Bg7 4.e4 d6 5.Be3 Nf6 6.f3 Nbd7 7.Qd2 Qa5 8.Bd3 a6 
9.Nge2 b5 10.O-O bxc4 11.Bxc4 Rb8 12.a3 Qc7 13.b4 O-O 14.Rac1 Qb7 15.h3 
Nb6 16.Ba2 Qa8 17.Rfd1 d5 18.a4 dxe4 19.fxe4 a5 20.Rb1 axb4 1/2-1/2

[Event "8th Essent op"]
[Site "Hoogeveen NED"]
[Date "2004.10.22"]
[Round "8.27"]
[White "Boersma, Jan"]
[Black "O'Cinneide, Mel"]
[Result "0-1"]
[WhiteElo "2221"]
[BlackElo "2268"]
[EventDate "2004.10.15"]
[PlyCount "28"]

1.e4 e6 2.d4 d5 3.Nc3 Bb4 4.exd5 exd5 5.Bd3 Nc6 6.a3 Ba5 7.Be3 Nge7 8.Qh5 
Be6 9.Ne2 Qd7 10.h3 Bf5 11.O-O-O g6 12.Bxf5 Nxf5 13.Qf3 Nxe3 14.Qf6 Qf5 
0-1

[Event "8th Essent op"]
[Site "Hoogeveen NED"]
[Date "2004.10.22"]
[Round "8.28"]
[White "Van der Veen, Jan"]
[Black "Wempe, Joost"]
[Result "0-1"]
[WhiteElo "2122"]
[BlackElo "2263"]
[EventDate "2004.10.15"]
[PlyCount "76"]

1.e4 e6 2.d4 d5 3.Nc3 Bb4 4.e5 c5 5.dxc5 Ne7 6.Qg4 Nbc6 7.Bd2 O-O 8.Bd3 
Bxc3 9.Bxc3 d4 10.Bd2 Nxe5 11.Bxh7+ Kxh7 12.Qh5+ Kg8 13.Qxe5 Nc6 14.Qg3 e5
15.h4 Bf5 16.Rc1 Re8 17.h5 Bh7 18.h6 g6 19.Ne2 Qd5 20.Qh4 Re6 21.f3 Rae8 
22.O-O Ne7 23.g4 Qxc5 24.Rf2 g5 25.Bxg5 Ng6 26.Qg3 e4 27.f4 Rb6 28.b3 Ne7 
29.Bxe7 Rxe7 30.g5 Rc6 31.Kh2 Bf5 32.Rff1 Rd7 33.Qe1 Bg4 34.Ng3 e3 35.Ne4 
Qf5 36.Nf6+ Rxf6 37.gxf6 Qh5+ 38.Kg1 Qh3 0-1

[Event "8th Essent op"]
[Site "Hoogeveen NED"]
[Date "2004.10.22"]
[Round "8.29"]
[White "Van Eijk, Sander"]
[Black "Michielsen, Joost"]
[Result "0-1"]
[WhiteElo "2203"]
[BlackElo "2249"]
[EventDate "2004.10.15"]
[PlyCount "66"]

1.e4 c5 2.Nf3 Nc6 3.d4 cxd4 4.Nxd4 Qc7 5.c4 e6 6.Nc3 a6 7.Be3 Nf6 8.a3 b6 
9.Rc1 Ne5 10.h3 Bb7 11.Bd3 d6 12.O-O Be7 13.f4 Nxd3 14.Qxd3 O-O 15.f5 Qd7 
16.g4 Rfe8 17.Rf2 Bf8 18.g5 Nh5 19.Qd1 g6 20.Na4 exf5 21.Nxb6 Qe7 22.Nxa8 
Qxe4 23.Rf3 Bxa8 24.Bf2 Nf4 25.Qf1 Bg7 26.Re1 Qxe1 27.Bxe1 Bxd4+ 28.Bf2 
Bxf3 29.Bxd4 Ne2+ 30.Kf2 Nxd4 31.Qd3 Re2+ 32.Kg3 Re4 33.c5 f4+ 0-1

[Event "8th Essent op"]
[Site "Hoogeveen NED"]
[Date "2004.10.22"]
[Round "8.32"]
[White "Brady, Stephen"]
[Black "Van Geffen, Ben"]
[Result "1-0"]
[WhiteElo "2342"]
[BlackElo "2181"]
[EventDate "2004.10.15"]
[PlyCount "107"]

1.e4 e5 2.Nf3 Nc6 3.d4 exd4 4.Nxd4 Bc5 5.Nxc6 Qf6 6.Qd2 dxc6 7.Nc3 Be6 8.
Na4 Rd8 9.Bd3 Bd4 10.O-O Qh4 11.Qf4 Qh5 12.Qg3 Ne7 13.c3 Bf6 14.b4 b5 15.
Nc5 Bxc3 16.Nxe6 fxe6 17.Rb1 O-O 18.Bb2 Bxb2 19.Rxb2 Ng6 20.Rc1 Qe5 21.
Qxe5 Nxe5 22.Be2 Rd4 23.f3 Kf7 24.Rc5 Kf6 25.f4 Nc4 26.Bxc4 bxc4 27.Re2 
Ke7 28.g3 Kd7 29.a3 Rb8 30.Rc2 Rxe4 31.Rd2+ Ke7 32.Rxc6 Rb7 33.Kf2 h5 34.
Kf3 Re1 35.Rxc4 Ra1 36.Rc3 Rf1+ 37.Ke3 Re1+ 38.Re2 Rd1 39.Rd3 Rc1 40.Kd2 
Rc6 41.Re5 g6 42.Rc3 Rd6+ 43.Rd3 c6 44.Rxd6 Kxd6 45.Rg5 Rg7 46.Kd3 Ke7 47.
Kd4 Kd6 48.Kc4 Rg8 49.Kc3 Ke7 50.Ra5 Ra8 51.Ra6 Kd7 52.Kd4 Kd6 53.b5 Rc8 
54.Rxc6+ 1-0

[Event "8th Essent op"]
[Site "Hoogeveen NED"]
[Date "2004.10.22"]
[Round "8.33"]
[White "Vroombout, Enrico"]
[Black "Kleijn, Christov"]
[Result "0-1"]
[WhiteElo "2141"]
[BlackElo "2007"]
[EventDate "2004.10.15"]
[PlyCount "60"]

1.e4 c5 2.Nf3 d6 3.d4 cxd4 4.Qxd4 Bd7 5.c4 Nc6 6.Qd2 Nf6 7.Nc3 g6 8.Be2 
Bg7 9.O-O O-O 10.Rb1 Qb6 11.b3 Rac8 12.Bb2 Nb4 13.Nd5 Nbxd5 14.exd5 Ne4 
15.Qc2 Nf6 16.Bd4 Qc7 17.Qb2 e5 18.dxe6 fxe6 19.Rbd1 e5 20.Bc3 Bc6 21.c5 
Bxf3 22.Bxf3 Qxc5 23.Bd2 e4 24.Be2 Ng4 25.b4 Bxb2 26.bxc5 Nxf2 27.Bh6 Nxd1
28.Bc4+ Kh8 29.Bxf8 Bd4+ 30.Kh1 Nf2+ 0-1

[Event "8th Essent op"]
[Site "Hoogeveen NED"]
[Date "2004.10.22"]
[Round "8.34"]
[White "Knol, Geon"]
[Black "Ahlers, Ben"]
[Result "1-0"]
[WhiteElo "2110"]
[BlackElo "2223"]
[EventDate "2004.10.15"]
[PlyCount "74"]

1.e4 e6 2.d4 d5 3.Bd3 dxe4 4.Bxe4 c5 5.Qf3 Nc6 6.Bxc6+ bxc6 7.dxc5 Bd7 8.
b4 Nf6 9.Bg5 Be7 10.Ne2 O-O 11.O-O e5 12.Ng3 e4 13.Qe2 Bg4 14.Qd2 Qc8 15.
Nc3 Qe6 16.h3 Bf5 17.Nxf5 Qxf5 18.Qf4 Qg6 19.Nxe4 Nd5 20.Qh4 f6 21.Bd2 f5 
22.Bg5 Bxg5 23.Nxg5 h6 24.Nf3 Rae8 25.Qg3 Qxg3 26.fxg3 Re4 27.a3 a5 28.
bxa5 Ra4 29.Ne5 Rf6 30.Nd7 Rf7 31.Ne5 Rf6 32.c4 Nc3 33.Rae1 Ne4 34.g4 Nxc5
35.gxf5 Rxa5 36.g4 Nb3 37.Ng6 Rxg6 1-0

[Event "8th Essent op"]
[Site "Hoogeveen NED"]
[Date "2004.10.22"]
[Round "8.35"]
[White "Cako, Laszlo"]
[Black "Rooda, Kai P"]
[Result "1-0"]
[WhiteElo "2137"]
[BlackElo "2165"]
[EventDate "2004.10.15"]
[PlyCount "67"]

1.e4 c6 2.d4 g6 3.Nc3 Bg7 4.f4 Nh6 5.Nf3 f6 6.Bc4 Nf7 7.Be3 O-O 8.Qd2 b5 
9.Bb3 a5 10.a3 e6 11.d5 Qe7 12.O-O Re8 13.Rfe1 Na6 14.Qf2 Kh8 15.Rad1 Rf8 
16.Qh4 a4 17.Ba2 Re8 18.Rd2 Bb7 19.Bf2 e5 20.d6 Qf8 21.Bxf7 Qxf7 22.fxe5 
fxe5 23.Ng5 Qg8 24.Rd3 Bf6 25.Rf3 Re6 26.Bg3 Bxg5 27.Qxg5 Qg7 28.Ref1 Kg8 
29.Qe3 Ree8 30.Bh4 Rf8 31.Bf6 Rxf6 32.Rxf6 Nc5 33.Rf7 Qxf7 34.Rxf7 1-0

[Event "8th Essent op"]
[Site "Hoogeveen NED"]
[Date "2004.10.22"]
[Round "8.36"]
[White "Nagel, Yvette"]
[Black "Markus, John Raymond"]
[Result "0-1"]
[WhiteElo "2051"]
[BlackElo "2219"]
[EventDate "2004.10.15"]
[PlyCount "96"]

1.e4 e5 2.Bc4 Nf6 3.d3 Nc6 4.Nf3 Bc5 5.c3 d6 6.h3 a6 7.a4 O-O 8.O-O d5 9.
exd5 Nxd5 10.Nbd2 Bf5 11.Ne4 Be7 12.Re1 Nb6 13.Bb3 Bg6 14.Qe2 h6 15.Be3 
Nd5 16.Rad1 Nxe3 17.Qxe3 Kh8 18.Nc5 b6 19.Ne4 f5 20.Ned2 f4 21.Qe2 Bxd3 
22.Nc4 Bxe2 23.Rxd8 Raxd8 24.Rxe2 Bf6 25.Ncxe5 Nxe5 26.Nxe5 Bxe5 27.Rxe5 
Rd2 28.Bc4 Rxb2 29.Bxa6 Rc2 30.c4 Rc1+ 31.Kh2 c6 32.Re6 Rf6 33.Re8+ Kh7 
34.Rb8 Ra1 35.Rxb6 Rxa4 36.Kg1 Ra1+ 37.Kh2 c5 38.Rxf6 gxf6 39.Bb7 Rf1 40.
Be4+ Kg7 41.f3 Kf7 42.h4 Ke6 43.g3 Ke5 44.gxf4+ Kxf4 45.Kg2 Rc1 46.Bd5 
Rc2+ 47.Kf1 Ke3 48.Kg1 f5 0-1

[Event "8th Essent op"]
[Site "Hoogeveen NED"]
[Date "2004.10.22"]
[Round "8.37"]
[White "Van Lommel, Patrick"]
[Black "Galje, Hans"]
[Result "0-1"]
[WhiteElo "2139"]
[BlackElo "2115"]
[EventDate "2004.10.15"]
[PlyCount "72"]

1.Nf3 Nf6 2.c4 c5 3.Nc3 Nc6 4.g3 d5 5.cxd5 Nxd5 6.Bg2 Nc7 7.O-O e5 8.d3 
Be7 9.Nd2 Bd7 10.Nc4 f6 11.f4 b5 12.Ne3 Rc8 13.Ned5 Nxd5 14.Nxd5 Be6 15.
Nxe7 Qxe7 16.fxe5 Nxe5 17.Bf4 Nc6 18.b3 O-O 19.Rc1 Rfd8 20.Qe1 Nb4 21.a3 
Nc6 22.b4 Nd4 23.Rxc5 Rxc5 24.bxc5 Qxc5 25.Be3 Qxa3 26.Qf2 Qb2 27.Bxd4 
Qxd4 28.Rb1 Qxf2+ 29.Kxf2 Rb8 30.Ke3 b4 31.Kd4 a5 32.Kc5 b3 33.d4 a4 34.
Kd6 a3 35.Kxe6 a2 36.Be4 b2 0-1

[Event "8th Essent op"]
[Site "Hoogeveen NED"]
[Date "2004.10.22"]
[Round "8.38"]
[White "Dogge, Marc"]
[Black "Westerkamp, Bert"]
[Result "1/2-1/2"]
[WhiteElo "2202"]
[BlackElo "2115"]
[EventDate "2004.10.15"]
[PlyCount "78"]

1.e4 e5 2.Nf3 Nc6 3.Bb5 a6 4.Ba4 d6 5.c3 Bd7 6.O-O g6 7.d4 Bg7 8.Qd3 Nge7 
9.d5 Nb8 10.Bxd7+ Nxd7 11.b4 O-O 12.Nbd2 h6 13.Nb3 Kh7 14.g4 Nf6 15.h3 
Nexd5 16.g5 hxg5 17.Nxg5+ Kg8 18.exd5 Nh5 19.Kh1 Qf6 20.Qf3 Nf4 21.Rg1 Bh6
22.Bxf4 exf4 23.Nd2 Kg7 24.Nde4 Qe5 25.Rad1 Rae8 26.Qg2 Rh8 27.f3 Bxg5 28.
Nxg5 Rh6 29.c4 Reh8 30.Qg4 Rh4 31.Qg2 Qf5 32.Qb2+ f6 33.Rd2 Kg8 34.Rh2 
fxg5 35.Re1 Kf7 36.Qe2 Qd7 37.Kg2 Re8 38.Qxe8+ Qxe8 39.Rxe8 Kxe8 1/2-1/2

[Event "8th Essent op"]
[Site "Hoogeveen NED"]
[Date "2004.10.23"]
[Round "9.1"]
[White "Romanishin, Oleg"]
[Black "Gurevich, Mikhail"]
[Result "1/2-1/2"]
[WhiteElo "2543"]
[BlackElo "2644"]
[EventDate "2004.10.15"]
[PlyCount "49"]

1.d4 d5 2.c4 c6 3.Nf3 Nf6 4.Nc3 e6 5.g3 dxc4 6.Bg2 Nbd7 7.O-O b5 8.Bg5 Bb7
9.a4 Qb6 10.Ne5 Rd8 11.Nxd7 Rxd7 12.Bxf6 gxf6 13.e3 h5 14.b3 b4 15.Ne4 Qd8
16.bxc4 c5 17.a5 Be7 18.a6 Bxe4 19.Bxe4 Kf8 20.d5 f5 21.Bf3 Bf6 22.Ra2 h4 
23.Qa4 Kg7 24.Qc6 Rc7 25.Qb5 1/2-1/2

[Event "8th Essent op"]
[Site "Hoogeveen NED"]
[Date "2004.10.23"]
[Round "9.2"]
[White "Goloshchapov, Alexander"]
[Black "Zhang Pengxiang"]
[Result "1/2-1/2"]
[WhiteElo "2566"]
[BlackElo "2519"]
[EventDate "2004.10.15"]
[PlyCount "123"]

1.e4 c5 2.Nf3 Nc6 3.d4 cxd4 4.Nxd4 Qb6 5.Nb3 Nf6 6.Nc3 e6 7.Bd3 Be7 8.Qe2 
Qc7 9.f4 d6 10.Be3 a6 11.O-O-O b5 12.Kb1 Bb7 13.g4 Nd7 14.Qf2 Nb4 15.Rhg1 
O-O 16.g5 Rfc8 17.f5 Nxd3 18.cxd3 b4 19.Na4 exf5 20.exf5 Qc6 21.Nb6 Nxb6 
22.Bxb6 Qf3 23.Qxf3 Bxf3 24.Rde1 Bf8 25.Bd4 Re8 26.f6 Bh5 27.fxg7 Bxg7 28.
Kc2 Bg6 29.Rxe8+ Rxe8 30.Kd2 Be5 31.Bxe5 Rxe5 32.h4 Rd5 33.d4 h6 34.Ke3 
Kh7 35.gxh6 Rh5 36.Rc1 Rxh4 37.Rc6 d5 38.Rxa6 f5 39.Nd2 f4+ 40.Kf2 Rh2+ 
41.Ke1 Bh5 42.Re6 Bg4 43.Re7+ Kxh6 44.Re8 Kg7 45.Re7+ Kf6 46.Re8 Rh1+ 47.
Kf2 Rh2+ 48.Ke1 Bh5 49.Re5 f3 50.Nf1 f2+ 51.Kd2 Rh1 52.Ke3 Rxf1 53.Rxh5 
Rb1 54.Kxf2 Rxb2+ 55.Ke3 Ke6 56.Rh6+ Kf5 57.Rh5+ Ke6 58.Re5+ Kf6 59.Re8 
Kf7 60.Re5 Kg6 61.Re8 Kf5 62.a4 1/2-1/2

[Event "8th Essent op"]
[Site "Hoogeveen NED"]
[Date "2004.10.23"]
[Round "9.3"]
[White "Khenkin, Igor"]
[Black "De Vreugt, Dennis"]
[Result "1/2-1/2"]
[WhiteElo "2587"]
[BlackElo "2466"]
[EventDate "2004.10.15"]
[PlyCount "44"]

1.d4 d5 2.c4 c6 3.Nf3 Nf6 4.Nc3 dxc4 5.a4 Bf5 6.e3 e6 7.Bxc4 Bb4 8.O-O O-O
9.Nh4 Nbd7 10.Nxf5 exf5 11.Qc2 g6 12.f3 Rc8 13.Qf2 c5 14.Ba2 Re8 15.Kh1 
Qb6 16.Bd2 a6 17.Rad1 Ba5 18.Be1 Bb4 19.Bd2 Ba5 20.Be1 Bb4 21.Bd2 Ba5 22.
Bc1 cxd4 1/2-1/2

[Event "8th Essent op"]
[Site "Hoogeveen NED"]
[Date "2004.10.23"]
[Round "9.5"]
[White "Brodsky, Mikhail"]
[Black "Spoelman, Wouter"]
[Result "0-1"]
[WhiteElo "2533"]
[BlackElo "2357"]
[EventDate "2004.10.15"]
[PlyCount "74"]

1.Nf3 Nf6 2.c4 e6 3.g3 a6 4.d4 b5 5.Nbd2 Bb7 6.Bg2 c5 7.dxc5 Bxc5 8.O-O 
bxc4 9.Nxc4 d5 10.Qb3 dxc4 11.Qxc4 Be7 12.Bf4 O-O 13.Rac1 Nc6 14.Qb3 Na5 
15.Qa4 Rc8 16.Rxc8 Bxc8 17.Bd2 Nb7 18.Qxa6 Nc5 19.Qa3 Nd5 20.Ba5 Qe8 21.
Bd2 Ne4 22.Qd3 Nxd2 23.Nxd2 Qa4 24.Bxd5 Rd8 25.Ne4 Rxd5 26.Qb1 Rd4 27.b3 
Qd7 28.f3 Bb7 29.Nf2 Bc5 30.Rc1 Bb6 31.Kg2 e5 32.Qc2 Rd2 33.Qc4 Qd4 34.
Qxd4 Bxd4 35.Kf1 Rxa2 36.Rc7 Ba6 37.Nd3 g6 0-1

[Event "8th Essent op"]
[Site "Hoogeveen NED"]
[Date "2004.10.23"]
[Round "9.7"]
[White "Ernst, Sipke"]
[Black "Jonkman, Harmen"]
[Result "1/2-1/2"]
[WhiteElo "2521"]
[BlackElo "2417"]
[EventDate "2004.10.15"]
[PlyCount "97"]

1.d4 d5 2.c4 dxc4 3.Nf3 a6 4.e3 Nf6 5.Bxc4 e6 6.Bb3 b5 7.a4 b4 8.Nbd2 c5 
9.O-O Be7 10.dxc5 Bxc5 11.e4 Bb7 12.Qe2 Be7 13.e5 Nd5 14.Nc4 h6 15.Rd1 Nd7
16.Rd4 Nc5 17.Bc2 b3 18.Bb1 Bc6 19.Nfd2 Ra7 20.Qg4 Kf8 21.Qg3 Rd7 22.Nd6 
Rxd6 23.exd6 Bxd6 24.Qf3 Qg5 25.Nf1 Qe5 26.Qg3 Ke7 27.Qxe5 Bxe5 28.Rc4 Kd6
29.f4 Bf6 30.Nd2 Nb6 31.Rb4 Nd5 32.Ne4+ Nxe4 33.Rxe4 Nc3 34.bxc3 Bxc3 35.
Ra3 Bxe4 36.Bxe4 Rb8 37.Kf1 Kc5 38.Bd3 a5 39.Be2 Kb4 40.Bd1 Kc4 41.Be2+ 
Kd4 42.Kf2 b2 43.Be3+ Ke4 44.Rxc3 b1=Q 45.Rc5 f6 46.Bf3+ Kd3 47.Be2+ Ke4 
48.Bf3+ Kd3 49.Be2+ 1/2-1/2

[Event "8th Essent op"]
[Site "Hoogeveen NED"]
[Date "2004.10.23"]
[Round "9.8"]
[White "l`Ami, Erwin"]
[Black "Porat, David"]
[Result "1-0"]
[WhiteElo "2516"]
[BlackElo "2280"]
[EventDate "2004.10.15"]
[PlyCount "135"]

1.d4 d5 2.c4 e6 3.Nc3 Be7 4.Nf3 Nf6 5.Bg5 O-O 6.cxd5 exd5 7.e3 b6 8.Qa4 
Bb7 9.Rd1 Nbd7 10.Ba6 Bxa6 11.Qxa6 c6 12.O-O Ne4 13.Bxe7 Qxe7 14.Rc1 Ndf6 
15.Rc2 Rfe8 16.Rfc1 c5 17.Nxe4 Nxe4 18.dxc5 bxc5 19.Nd2 Nxd2 20.Rxd2 Rad8 
21.Rcd1 Qd7 22.Qa5 Qc6 23.b4 cxb4 24.Qxb4 Rd7 25.h3 g6 26.Rd4 Red8 27.Qd2 
f5 28.Qe2 Qe6 29.Qf3 Kg7 30.g4 fxg4 31.hxg4 g5 32.R1d2 Rd6 33.Qd1 Qe5 34.
Qf3 R8d7 35.Kg2 Rf7 36.Qg3 Qe6 37.e4 Rfd7 38.f3 Rd8 39.exd5 Rxd5 40.Qc7+ 
R8d7 41.Qxd7+ Qxd7 42.Rxd5 Qa4 43.Rxg5+ Kf7 44.Rgd5 Qb4 45.R5d4 Qc3 46.
Rd7+ Ke6 47.R7d3 Qb4 48.Rd4 Qc3 49.a4 a5 50.Re4+ Kf6 51.Rd6+ Kf7 52.Rd7+ 
Kf6 53.Rde7 h5 54.R4e6+ Kg5 55.Re5+ Kf6 56.R7e6+ Kf7 57.Re7+ Kf6 58.g5+ 
Kg6 59.R7e6+ Kg7 60.g6 h4 61.Rh5 Qc2+ 62.Kh3 Qc8 63.Rh7+ Kg8 64.Re7 Qc1 
65.Kg4 Qc5 66.Re5 Qf2 67.Rf5 Qd4+ 68.Kh5 1-0

[Event "8th Essent op"]
[Site "Hoogeveen NED"]
[Date "2004.10.23"]
[Round "9.10"]
[White "Hoeksema, Hendrik Pieter"]
[Black "Loffler, Stefan"]
[Result "1/2-1/2"]
[WhiteElo "2391"]
[BlackElo "2432"]
[EventDate "2004.10.15"]
[PlyCount "24"]

1.e4 Nf6 2.e5 Nd5 3.d4 d6 4.Nf3 dxe5 5.Nxe5 c6 6.Be2 Bf5 7.O-O Nd7 8.Nf3 
h6 9.c4 Nb4 10.Nc3 Nc2 11.Rb1 Nb4 12.Ra1 Nc2 1/2-1/2